| 000 | 00907cam a2200277 i 4500 | ||
|---|---|---|---|
| 008 | |||
| 020 | _a9781784712112 (pbk.) | ||
| 049 | _aMAIN | ||
| 090 |
_aHC79 _bMOO |
||
| 100 | 1 |
_aMoosa, Imad A., _eauthor |
|
| 245 | 1 | 4 |
_aThe costs and benefits of environmental regulation / _cImad A. Moosa [and] Vikash Ramiah. |
| 260 |
_aCheltenham : _bEdward Elgar, _c[2014] |
||
| 300 |
_axiii, 334 p. : _bill. ; _c24 cm |
||
| 500 | _aIncludes index. | ||
| 504 | _aIncludes bibliographical references. | ||
| 650 | 0 |
_aEnvironmental policy _xEconomic aspects |
|
| 650 | 0 |
_aEnvironmental law _xEconomic aspects |
|
| 650 | 0 |
_aEnvironmental law _xCompliance costs |
|
| 650 | 0 | _aEnvironmental economics | |
| 700 | 1 |
_aRamiah, Vikash, _eauthor |
|
| 907 |
_a.b10378509 _b21-02-17 _c21-02-17 |
||
| 003 | |||
| 005 | 20230123122242.0 | ||
| 040 | _cNUST | ||
| 942 |
_cBOOKS _kHC79 _mMOO |
||
| 999 |
_c130431 _d130431 |
||